<?xml version="1.0" encoding="UTF-8"?>
<record
    xmlns:xsi="http://www.w3.org/2001/XMLSchema-instance"
    xsi:schemaLocation="http://www.loc.gov/MARC21/slim http://www.loc.gov/standards/marcxml/schema/MARC21slim.xsd"
    xmlns="http://www.loc.gov/MARC21/slim">

  <leader>     nam a22     7a 4500</leader>
  <datafield tag="999" ind1=" " ind2=" ">
    <subfield code="c">336566</subfield>
    <subfield code="d">336566</subfield>
  </datafield>
  <controlfield tag="003">IT-MiCISF</controlfield>
  <controlfield tag="005">20170403165520.0</controlfield>
  <controlfield tag="008">170403b        xxu||||| |||| 00| 0 eng d</controlfield>
  <datafield tag="040" ind1=" " ind2=" ">
    <subfield code="c">IT-MiCISF</subfield>
  </datafield>
  <datafield tag="041" ind1=" " ind2=" ">
    <subfield code="a">it</subfield>
  </datafield>
  <datafield tag="100" ind1=" " ind2=" ">
    <subfield code="a">Taurino Alessandro</subfield>
    <subfield code="9">56339</subfield>
  </datafield>
  <datafield tag="245" ind1=" " ind2=" ">
    <subfield code="a">Due pap&#xE0; due mamme</subfield>
    <subfield code="b">Sfatare i pregiudizi</subfield>
  </datafield>
  <datafield tag="260" ind1=" " ind2=" ">
    <subfield code="a">Molfetta (BA)</subfield>
    <subfield code="b">La Meridiana</subfield>
    <subfield code="c">2016</subfield>
  </datafield>
  <datafield tag="300" ind1=" " ind2=" ">
    <subfield code="a">pp. 215</subfield>
  </datafield>
  <datafield tag="500" ind1=" " ind2=" ">
    <subfield code="a">genitorialit&#xE0;, omosessualit&#xE0;, cura, rapporti-genitori-figli</subfield>
  </datafield>
  <datafield tag="520" ind1=" " ind2=" ">
    <subfield code="a">Di genitorialit&#xE0; omosessuale attualmente si parla tantissimo, ma se ne parla molto spesso attraverso prospettive inquinate in partenza, da cui si fanno discendere o derivare concezioni che rinforzano o confermano visioni distorte. Se la genitorialit&#xE0; &#xE8; una dimensione che implica il rimando a precise competenze, che in linea generale ineriscono la dimensione della cura, secondo quali criteri &#xE8; possibile pensare che le persone omosessuali possano non avere o non abbiano tale competenza? Perch&#xE9; a livello sociale e culturale sembra persistere e resistere una visione di omogenitorialit&#xE0; come contesto disadattivo e deviante per la crescita dei bambini e delle bambine? Lo scopo di questo volume &#xE8; quello di inaugurare nuovi saperi che diano adito a nuove forme di potere. Un potere non legato all'esercizio della forza, al predominio, al controllo, alla coercizione, ma il potere positivo della relazione, dell'incontro, dell'ampliamento degli orizzonti di senso, della destrutturazione del pregiudizio, della discriminazione, della stigmatizzazione, dell'esclusione.</subfield>
  </datafield>
  <datafield tag="650" ind1=" " ind2=" ">
    <subfield code="a">genitorialit&#xE0;</subfield>
    <subfield code="9">56044</subfield>
  </datafield>
  <datafield tag="654" ind1=" " ind2=" ">
    <subfield code="a">saggio</subfield>
  </datafield>
  <datafield tag="942" ind1=" " ind2=" ">
    <subfield code="2">ddc</subfield>
    <subfield code="c">BK</subfield>
  </datafield>
  <datafield tag="952" ind1=" " ind2=" ">
    <subfield code="0">0</subfield>
    <subfield code="1">0</subfield>
    <subfield code="2">ddc</subfield>
    <subfield code="4">0</subfield>
    <subfield code="6">B_7273_000000000000000</subfield>
    <subfield code="7">1</subfield>
    <subfield code="a">CISF</subfield>
    <subfield code="b">CISF</subfield>
    <subfield code="d">2017-04-03</subfield>
    <subfield code="l">0</subfield>
    <subfield code="o">b7273</subfield>
    <subfield code="r">2017-04-03 00:00:00</subfield>
    <subfield code="w">2017-04-03</subfield>
    <subfield code="y">BK</subfield>
  </datafield>
</record>
